Paesi del mondo senza mappa - Statistics

Statistiche generali
  • Questo quiz è stato fatto 315 volte
    306 dall'ultimo reset
  • Il punteggio medio è 158 su 196
Statistiche sulle risposte
Europa % Corretto
Italia
94%
Francia
91%
Albania
90%
Belgio
90%
Città del Vaticano
90%
Paesi Bassi
90%
Stati Uniti
90%
Andorra
89%
Danimarca
89%
Finlandia
89%
Germania
89%
Portogallo
89%
Spagna
89%
Svezia
89%
Canada
88%
Estonia
88%
Norvegia
88%
Slovacchia
88%
Argentina
87%
Austria
87%
Brasile
87%
Bulgaria
87%
Irlanda
87%
Lituania
87%
Lussemburgo
87%
Malta
87%
Regno Unito
87%
San Marino
87%
Svizzera
87%
Bielorussia
86%
Croazia
86%
Cuba
86%
Grecia
86%
Lettonia
86%
Montenegro
86%
Polonia
86%
Repubblica Ceca
86%
Romania
86%
Serbia
86%
Slovenia
86%
Ungheria
86%
Venezuela
86%
Australia
85%
Cile
85%
Cina
85%
Cipro
85%
Colombia
85%
Giappone
85%
Guyana
85%
Islanda
85%
Liechtenstein
85%
Messico
85%
Moldavia
85%
Monaco
85%
Paraguay
85%
Russia
85%
Uruguay
85%
Egitto
84%
Eritrea
84%
Etiopia
84%
Haiti
84%
India
84%
Indonesia
84%
Iran
84%
Macedonia del Nord
84%
Perù
84%
Ucraina
84%
Algeria
83%
Arabia Saudita
83%
Bosnia ed Erzegovina
83%
Corea del Nord
83%
Corea del Sud
83%
Ecuador
83%
El salvador
83%
Israele
83%
Nuova Zelanda
83%
Oman
83%
Turchia
83%
Armenia
82%
Iraq
82%
Kosovo
82%
Repubblica del Congo
82%
Repubblica Democratica del Congo
82%
Somalia
82%
Tunisia
82%
Turkmenistan
82%
Afghanistan
81%
Bolivia
81%
Cambogia
81%
Guatemala
81%
Guinea
81%
Maldive
81%
Marocco
81%
Mongolia
81%
Panama
81%
Qatar
81%
Sudafrica
81%
Sudan
81%
Suriname
81%
Thailandia
81%
Uzbekistan
81%
Vietnam
81%
Azerbaijan
80%
Barbados
80%
Belize
80%
Birmania
80%
Ciad
80%
Emirati Arabi Uniti
80%
Guinea Equatoriale
80%
Lesotho
80%
Libano
80%
Nepal
80%
Niger
80%
Nigeria
80%
Tagikistan
80%
Yemen
80%
Zimbabwe
80%
Angola
79%
Bahamas
79%
Bangladesh
79%
Ghana
79%
Kazakistan
79%
Libia
79%
Nicaragua
79%
Pakistan
79%
Papua Nuova Guinea
79%
Repubblica Dominicana
79%
Senegal
79%
Siria
79%
Sudan del Sud
79%
Taiwan
79%
Camerun
78%
Costa Rica
78%
eSwatini
78%
Filippine
78%
Honduras
78%
Kirghizistan
78%
Laos
78%
Mali
78%
Mauritania
78%
Saint Lucia
78%
Sri Lanka
78%
Tanzania
78%
Togo
78%
Zambia
78%
Antigua e Barbuda
77%
Georgia
77%
Giordania
77%
Singapore
77%
Bahrein
76%
Bhutan
76%
Burkina Faso
76%
Dominica
76%
Figi
76%
Giamaica
76%
Guinea-Bissau
76%
Isole Salomone
76%
Kuwait
76%
Liberia
76%
Mauritius
76%
Trinidad e Tobago
76%
Botswana
75%
Burundi
75%
Gibuti
75%
Grenada
75%
Isole Marshall
75%
Madagascar
75%
Malesia
75%
Saint Kitts e Nevis
75%
Tonga
75%
Uganda
75%
Benin
74%
Brunei
74%
Costa d'Avorio
74%
Gambia
74%
Kenya
74%
Namibia
74%
Repubblica Centrafricana
74%
Ruanda
74%
Seychelles
74%
Stati Federati di Micronesia
74%
Tuvalu
74%
Gabon
73%
Mozambico
73%
Palau
72%
Saint Vincent e Grenadine
72%
Timor Est
72%
Vanuatu
72%
Sierra Leone
71%
Nauru
70%
Samoa
70%
São Tomé e Príncipe
70%
Capo Verde
69%
Malawi
68%
Comore
65%
Kiribati
65%
Nessun quiz corrispondente trovato
Distribuzione punteggi
Percentuale di utenti per punteggio
Percentile per numero di risposta
I tuoi punteggi nel tempo
Non hai fatto questo quiz dall'ultimo reset